01419 a2200181 45000010006000000050017000060080041000230030015000640400040000790800036001192450062001550200018002172640085002353000019003205050768003391000022011078560108011292209720260407155509.0260407a1996 arg spa dAR-UNSa-BCEJYS aAR-UNSa-BCEJYSbspacAR-UNSa-BCEJYS a657.41xContabilidad Financiera10aEl marco conceptual de la información financiera (IASC) a84-89328-54-4 1aMadrid :bInstituto de Auditores - Censores Jurados de Cuentas de Españac1996 a295 p.c24 cm. a1. Introducción - 2. Características y actividades del IASC - 3. El soporte teórico de la regulación contable.Antecedentes del marco conceptual - 4. Contenido y utilidad del marco conceptual - 5. Características generales del marco conceptual del IASC - 6. Los elementos externos al sistema contable - 7. Objetivos de los estados financieros - 8. Hipótesis fundamentales - 9. Características cualitativas - 10. Elementos de los estados financieros - 11. Reconocimiento de los elementos de los estados financieros - 12. Medida de los elementos de los estados financieros - 13. Conceptos de capital y su mantenimiento - 14. Esquemas de recapitulación - 15. Normas internacionales de contabilidad emitidas por el IASC - 16. Test de autoevaluación. 1 aTua Pereda, Jorge41uhttps://biblioeco.unsa.edu.ar/pmb/images/libros/Escuela de Auditoria.jpgyImagen de portadaqimage/jpeg